000 00331nam a22001457a 4500
008 240129b ||||| |||| 00| 0 eng d
020 _a0262200457
041 _aeng
080 _21984
_a573
082 _a573TRI
100 _a15
101 _aBIOLOGJI
245 _aHOW LIFE LEARNED TO LIVE
_cHELMUT TRIBUTSCH
942 _2udc
_cBK
999 _c60562
_d60562